[Event "Torneig Internacional Platja de Muro"]
[Site "Platja de Muro ESP"]
[Date "2005.10.10"]
[Round "1.1"]
[White "Mascaro March, Pedro"]
[Black "Mirzoev, Azer"]
[Result "1/2-1/2"]
[WhiteElo "2405"]
[BlackElo "2520"]
[PlyCount "34"]
[EventDate "2005.10.10"]
[EventType "tourn"]
[EventRounds "9"]
[EventCountry "ESP"]
[EventCategory "9"]
[Source "lmi"]
[SourceDate "2005.10.16"]

1. d4 d5 2. c4 c6 3. Nf3 Nf6 4. cxd5 cxd5 5. Nc3 Nc6 6. Bf4 Bf5 7. e3 e6 8. Bb5
Nd7 9. O-O Rc8 10. Ne5 Ndxe5 11. Bxe5 f6 12. Bg3 Be7 13. Rc1 a6 14. Bd3 Bxd3
15. Qxd3 O-O 16. Rfd1 Bd6 17. Bxd6 Qxd6 1/2-1/2

[Event "Torneig Internacional Platja de Muro"]
[Site "Platja de Muro ESP"]
[Date "2005.10.10"]
[Round "1.2"]
[White "Herraiz Hidalgo, Herminio"]
[Black "Fernandez Romero, Ernesto"]
[Result "1/2-1/2"]
[WhiteElo "2478"]
[BlackElo "2442"]
[PlyCount "36"]
[EventDate "2005.10.10"]
[EventType "tourn"]
[EventRounds "9"]
[EventCountry "ESP"]
[EventCategory "9"]
[Source "lmi"]
[SourceDate "2005.10.16"]

1. Nf3 Nf6 2. c4 d6 3. d4 g6 4. Nc3 Bf5 5. Nh4 Bd7 6. e4 e5 7. Nf3 exd4 8. Nxd4
Bg7 9. Be2 O-O 10. O-O Nc6 11. Be3 Re8 12. f3 Nh5 13. Qd2 Nxd4 14. Bxd4 Nf4 15.
Rf2 Bxd4 16. Qxd4 Qg5 17. Nd5 Nxd5 18. cxd5 Qe5 1/2-1/2

[Event "Torneig Internacional Platja de Muro"]
[Site "Platja de Muro ESP"]
[Date "2005.10.10"]
[Round "1.3"]
[White "Perez Candelario, Manuel"]
[Black "Perez, Rodney"]
[Result "1-0"]
[WhiteElo "2522"]
[BlackElo "2450"]
[PlyCount "63"]
[EventDate "2005.10.10"]
[EventType "tourn"]
[EventRounds "9"]
[EventCountry "ESP"]
[EventCategory "9"]
[Source "lmi"]
[SourceDate "2005.10.16"]

1. e4 e6 2. d4 d5 3. Nd2 dxe4 4. Nxe4 Nd7 5. Nf3 Ngf6 6. Nxf6+ Nxf6 7. c3 c5 8.
Ne5 a6 9. Bg5 h6 10. Bh4 Qd5 11. Bxf6 gxf6 12. Ng4 Qg5 13. Be2 Bd7 14. h4 Qg7
15. Bf3 Rb8 16. Qd2 Rd8 17. O-O-O h5 18. Ne3 Bc8 19. d5 Be7 20. Qe2 Qh6 21. Kb1
Kf8 22. Ka1 b5 23. Rd2 f5 24. Rhd1 e5 25. d6 Rxd6 26. Rxd6 Bxd6 27. Bb7 Bxb7
28. Nxf5 Qf4 29. Qd3 Kg8 30. Nxd6 Bxg2 31. Nf5 Qf3 32. Qd7 1-0

[Event "Torneig Internacional Platja de Muro"]
[Site "Platja de Muro ESP"]
[Date "2005.10.10"]
[Round "1.4"]
[White "Rodriguez Guerrero, Enrique"]
[Black "Thiede, Lars"]
[Result "0-1"]
[WhiteElo "2464"]
[BlackElo "2417"]
[PlyCount "130"]
[EventDate "2005.10.10"]
[EventType "tourn"]
[EventRounds "9"]
[EventCountry "ESP"]
[EventCategory "9"]
[Source "lmi"]
[SourceDate "2005.10.16"]

1. e4 g6 2. d4 Bg7 3. Nc3 d6 4. Be3 a6 5. f4 Nd7 6. Nf3 b5 7. e5 Bb7 8. Bd3 c5
9. Be4 Bxe4 10. Nxe4 Nh6 11. Qe2 cxd4 12. Bxd4 Nf5 13. Bc3 dxe5 14. O-O-O Qc7
15. fxe5 Nxe5 16. g4 Nxg4 17. Bxg7 Nxg7 18. Nd6+ Kf8 19. Qe4 Ra7 20. Qxg4 exd6
21. Rhf1 Nf5 22. Nd4 Nxd4 23. Qxd4 Rg8 24. Qf4 Rg7 25. Rxd6 Kg8 26. Rfd1 h5 27.
Qh6 Ra8 28. h4 Rc8 29. R1d2 Qe7 30. Qf4 Kh7 31. b3 Rc7 32. Kb2 Rg8 33. Rxa6
Rgc8 34. Rad6 Ra7 35. a3 Rca8 36. Qf6 Qxf6+ 37. Rxf6 Kg7 38. Rb6 Rxa3 39. Rxb5
Ra2+ 40. Kc3 Rc8+ 41. Kd3 Rd8+ 42. Ke3 Re8+ 43. Kd3 Rd8+ 44. Ke3 Re8+ 45. Kd4
Ra1 46. Re5 Rb8 47. Kc3 Rg1 48. Rd4 Rc8+ 49. Rc4 Rxc4+ 50. Kxc4 Rg4+ 51. Kd5
Rxh4 52. c4 Rh3 53. b4 Rb3 54. b5 h4 55. Kc6 h3 56. b6 Rb1 57. Re2 g5 58. b7 g4
59. c5 g3 60. Re1 Rb2 61. Re2 Rxb7 62. Re3 g2 63. Rg3+ Kf8 64. Kxb7 h2 65. c6
h1=Q 0-1

[Event "Torneig Internacional Platja de Muro"]
[Site "Platja de Muro ESP"]
[Date "2005.10.10"]
[Round "1.5"]
[White "Ubilava, Elizbar"]
[Black "Pogorelov, Ruslan"]
[Result "0-1"]
[WhiteElo "2525"]
[BlackElo "2439"]
[PlyCount "58"]
[EventDate "2005.10.10"]
[EventType "tourn"]
[EventRounds "9"]
[EventCountry "ESP"]
[EventCategory "9"]
[Source "lmi"]
[SourceDate "2005.10.16"]

1. c4 Nf6 2. g3 e6 3. Bg2 d5 4. Nf3 dxc4 5. Qa4+ c6 6. Qxc4 b5 7. Qc2 Bb7 8. d3
c5 9. a4 b4 10. Bg5 Nbd7 11. Nbd2 Be7 12. O-O O-O 13. a5 Nd5 14. Bxe7 Qxe7 15.
a6 Bc6 16. Ra5 Rab8 17. Rfa1 Bb5 18. Nc4 Bxc4 19. Qxc4 Rfc8 20. Rc1 b3 21. Ra3
Rb4 22. Rxb3 Rxc4 23. Rxc4 Rb8 24. Nd4 cxd4 25. Rb7 Rxb7 26. axb7 g6 27. Bxd5
exd5 28. Rc7 Qb4 29. Rxd7 Kg7 0-1

[Event "Torneig Internacional Platja de Muro"]
[Site "Platja de Muro ESP"]
[Date "2005.10.11"]
[Round "2.1"]
[White "Mirzoev, Azer"]
[Black "Pogorelov, Ruslan"]
[Result "1/2-1/2"]
[WhiteElo "2520"]
[BlackElo "2439"]
[PlyCount "40"]
[EventDate "2005.10.10"]
[EventType "tourn"]
[EventRounds "9"]
[EventCountry "ESP"]
[EventCategory "9"]
[Source "lmi"]
[SourceDate "2005.10.16"]

1. c4 c5 2. Nf3 Nf6 3. g3 b6 4. Bg2 Bb7 5. O-O e6 6. Nc3 Be7 7. b3 O-O 8. Bb2
a6 9. d4 cxd4 10. Nxd4 Bxg2 11. Kxg2 Qc7 12. e3 Qb7+ 13. Qf3 Qxf3+ 14. Kxf3 Nc6
15. Rfd1 Rab8 16. Nxc6 dxc6 17. Ne2 Rfd8 18. Nd4 Rbc8 19. Ke2 Kf8 20. f4 c5
1/2-1/2

[Event "Torneig Internacional Platja de Muro"]
[Site "Platja de Muro ESP"]
[Date "2005.10.11"]
[Round "2.2"]
[White "Thiede, Lars"]
[Black "Ubilava, Elizbar"]
[Result "1-0"]
[WhiteElo "2417"]
[BlackElo "2525"]
[PlyCount "89"]
[EventDate "2005.10.10"]
[EventType "tourn"]
[EventRounds "9"]
[EventCountry "ESP"]
[EventCategory "9"]
[Source "lmi"]
[SourceDate "2005.10.16"]

1. g3 d5 2. c4 e6 3. Nf3 Nf6 4. Bg2 Be7 5. O-O O-O 6. b3 a5 7. a3 c5 8. Nc3 b6
9. Bb2 Bb7 10. e3 Nbd7 11. d3 Rb8 12. Qc2 Bc6 13. a4 Qc7 14. e4 d4 15. Nb5 Qb7
16. Qe2 Ne8 17. Nd2 Nc7 18. f4 Na6 19. Rf2 Nb4 20. Rc1 e5 21. Nf3 Rbe8 22. Re1
Qb8 23. Bc1 Bd6 24. f5 f6 25. Nh4 Kf7 26. Bf3 Ke7 27. Bh5 Rc8 28. g4 Bxb5 29.
axb5 Kd8 30. g5 Be7 31. Rg2 a4 32. bxa4 Qa7 33. Nf3 Qxa4 34. gxf6 Bxf6 35. Ng5
Bxg5 36. Bxg5+ Nf6 37. Bh4 Rc7 38. Kh1 Kc8 39. Qf1 Kb7 40. Ra1 Qb3 41. Be2 Rff7
42. Qg1 Qc3 43. Bxf6 Rxf6 44. Rxg7 Rff7 45. Rg8 1-0

[Event "Torneig Internacional Platja de Muro"]
[Site "Platja de Muro ESP"]
[Date "2005.10.11"]
[Round "2.3"]
[White "Perez, Rodney"]
[Black "Rodriguez Guerrero, Enrique"]
[Result "1/2-1/2"]
[WhiteElo "2450"]
[BlackElo "2464"]
[PlyCount "97"]
[EventDate "2005.10.10"]
[EventType "tourn"]
[EventRounds "9"]
[EventCountry "ESP"]
[EventCategory "9"]
[Source "lmi"]
[SourceDate "2005.10.16"]

1. c4 Nf6 2. Nf3 c6 3. e3 d5 4. Nc3 e6 5. b3 Nbd7 6. Qc2 b6 7. Bb2 Bb7 8. Be2
Bd6 9. Rg1 Qe7 10. g4 O-O 11. g5 Ne8 12. O-O-O Ba3 13. h4 Bxb2+ 14. Kxb2 f5 15.
d4 dxc4 16. Bxc4 Nd6 17. Be2 c5 18. dxc5 Nxc5 19. Ne5 Rac8 20. f3 b5 21. Rd4 a6
22. Qd2 Nf7 23. Nxf7 Qxf7 24. b4 e5 25. Rd6 Ne6 26. Bd1 Rfe8 27. Bb3 Kh8 28. h5
Bxf3 29. g6 Qf6 30. gxh7 Bxh5 31. Nd5 Qf8 32. Nb6 Rcd8 33. Nd7 Qf7 34. Ka3 e4
35. Qd5 a5 36. Ne5 Qc7 37. Rxd8 axb4+ 38. Kb2 Qxd8 39. Qxb5 Qd2+ 40. Kb1 Qxe3
41. Rh1 Qc5 42. Rxh5 Qg1+ 43. Kb2 Qf2+ 44. Kb1 Qe1+ 45. Kc2 Nd4+ 46. Kb2 Qd2+
47. Kb1 Qe1+ 48. Kb2 Qd2+ 49. Kb1 1/2-1/2

[Event "Torneig Internacional Platja de Muro"]
[Site "Platja de Muro ESP"]
[Date "2005.10.11"]
[Round "2.4"]
[White "Fernandez Romero, Ernesto"]
[Black "Perez Candelario, Manuel"]
[Result "1-0"]
[WhiteElo "2442"]
[BlackElo "2522"]
[PlyCount "113"]
[EventDate "2005.10.10"]
[EventType "tourn"]
[EventRounds "9"]
[EventCountry "ESP"]
[EventCategory "9"]
[Source "lmi"]
[SourceDate "2005.10.16"]

1. e4 e5 2. Nf3 Nc6 3. Bb5 a6 4. Ba4 Nf6 5. O-O Be7 6. Re1 b5 7. Bb3 d6 8. c3
O-O 9. h3 Na5 10. Bc2 c5 11. d4 Qc7 12. Nbd2 cxd4 13. cxd4 Bb7 14. d5 Rac8 15.
Bb1 Nd7 16. Nf1 Nc4 17. Ng3 Rfe8 18. b3 Ncb6 19. Bd3 Nc5 20. Bf1 Nbd7 21. Bd2
Qb6 22. Be3 a5 23. Nd2 Ba6 24. a3 Qb7 25. b4 axb4 26. axb4 Na4 27. Nb3 Nb8 28.
Qg4 Rc3 29. Na5 Qc7 30. Rec1 Bf8 31. Bd2 Rc2 32. Bd3 Rxc1+ 33. Rxc1 Qe7 34. Nf5
Qf6 35. Bg5 Qg6 36. Nh4 h5 37. Nxg6 hxg4 38. Nxf8 gxh3 39. Ng6 fxg6 40. gxh3
Rf8 41. Be7 Rf3 42. Bxd6 Rxd3 43. Bxb8 Nc3 44. Re1 Bc8 45. Bxe5 Bxh3 46. Bxc3
Rxc3 47. e5 Kf8 48. e6 Rd3 49. Re5 Ke7 50. Nb7 Bg4 51. d6+ Kf6 52. e7 Kxe5 53.
e8=Q+ Kf4 54. Qf7+ Kg5 55. Nc5 Rd1+ 56. Kg2 Kh4 57. Qf4 1-0

[Event "Torneig Internacional Platja de Muro"]
[Site "Platja de Muro ESP"]
[Date "2005.10.11"]
[Round "2.5"]
[White "Mascaro March, Pedro"]
[Black "Herraiz Hidalgo, Herminio"]
[Result "1/2-1/2"]
[WhiteElo "2405"]
[BlackElo "2478"]
[PlyCount "42"]
[EventDate "2005.10.10"]
[EventType "tourn"]
[EventRounds "9"]
[EventCountry "ESP"]
[EventCategory "9"]
[Source "lmi"]
[SourceDate "2005.10.16"]

1. d4 f5 2. Nc3 Nf6 3. Bg5 d5 4. Bxf6 exf6 5. e3 Be6 6. Bd3 Qd7 7. Nge2 Nc6 8.
Nf4 Bf7 9. a3 Ne7 10. h4 h5 11. Qe2 g6 12. Nb1 Bh6 13. g3 O-O-O 14. Nd2 Rhe8
15. O-O-O Kb8 16. Kb1 Nc8 17. c4 dxc4 18. Bxc4 Nb6 19. Bxf7 Qxf7 20. Qb5 Nd5
21. Nc4 Bf8 1/2-1/2

[Event "Torneig Internacional Platja de Muro"]
[Site "Platja de Muro ESP"]
[Date "2005.10.12"]
[Round "3.1"]
[White "Herraiz Hidalgo, Herminio"]
[Black "Mirzoev, Azer"]
[Result "1/2-1/2"]
[WhiteElo "2478"]
[BlackElo "2520"]
[PlyCount "128"]
[EventDate "2005.10.10"]
[EventType "tourn"]
[EventRounds "9"]
[EventCountry "ESP"]
[EventCategory "9"]
[Source "lmi"]
[SourceDate "2005.10.16"]

1. d4 d5 2. c4 e6 3. Nc3 Be7 4. cxd5 exd5 5. Bf4 c6 6. e3 Bf5 7. Nge2 Nf6 8. h3
Nbd7 9. Ng3 Bg6 10. Bd3 Bxd3 11. Qxd3 O-O 12. Nf5 Re8 13. Nxe7+ Qxe7 14. O-O
Ne4 15. Nd1 Nf8 16. f3 Ng5 17. Re1 Nge6 18. Bh2 Rad8 19. Nc3 Qh4 20. Rad1 Qh5
21. Ne2 Qg6 22. Qxg6 hxg6 23. h4 f6 24. g4 g5 25. h5 g6 26. hxg6 Nxg6 27. Kf2
Kf7 28. Bg3 Rh8 29. Rh1 Kg7 30. Rxh8 Rxh8 31. Rc1 Ne7 32. Kg2 Rd8 33. Rh1 Rh8
34. Rxh8 Kxh8 35. Bb8 a6 36. Ng3 Ng7 37. Kf2 Kg8 38. f4 Kf7 39. f5 Ne8 40. e4
dxe4 41. Nxe4 b6 42. Nc3 Nc8 43. b4 Ke7 44. d5 Kd7 45. Ke3 Ne7 46. Ke4 Ng8 47.
Na4 cxd5+ 48. Kxd5 Ne7+ 49. Ke4 Kc6 50. Nc3 Ng8 51. a4 Nh6 52. Kf3 Nd6 53. b5+
axb5 54. Bxd6 Kxd6 55. axb5 Nf7 56. Na4 Ne5+ 57. Ke4 Nxg4 58. Nxb6 Kc5 59. Nd7+
Kxb5 60. Kd5 Kb4 61. Ke6 Kc3 62. Nxf6 Nxf6 63. Kxf6 g4 64. Ke7 g3 1/2-1/2

[Event "Torneig Internacional Platja de Muro"]
[Site "Platja de Muro ESP"]
[Date "2005.10.12"]
[Round "3.2"]
[White "Perez Candelario, Manuel"]
[Black "Mascaro March, Pedro"]
[Result "1/2-1/2"]
[WhiteElo "2522"]
[BlackElo "2405"]
[PlyCount "222"]
[EventDate "2005.10.10"]
[EventType "tourn"]
[EventRounds "9"]
[EventCountry "ESP"]
[EventCategory "9"]
[Source "lmi"]
[SourceDate "2005.10.16"]

1. e4 c5 2. Nf3 d6 3. d4 cxd4 4. Nxd4 Nf6 5. Nc3 Nc6 6. Bg5 g6 7. Bxf6 exf6 8.
Bb5 Bd7 9. O-O Bg7 10. Nde2 Be6 11. Qd2 O-O 12. Rad1 f5 13. exf5 Bxf5 14. Nd5
Ne7 15. Nxe7+ Qxe7 16. c3 Be6 17. Nc1 Rfd8 18. Rfe1 Qh4 19. g3 Qh5 20. Be2 Qa5
21. a3 Qb6 22. Bf3 d5 23. Ne2 d4 24. Nxd4 Bxd4 25. cxd4 Bb3 26. Rc1 Rxd4 27.
Qc3 Rad8 28. Re3 Be6 29. Rce1 a5 30. h4 Qa7 31. Qc7 R4d7 32. Qe5 Qd4 33. Qxa5
Qxb2 34. h5 gxh5 35. Qxh5 Qf6 36. Be4 h6 37. Qb5 Rd2 38. Rf3 Qb2 39. Qxb7 Qxb7
40. Bxb7 Rb8 41. Be4 Ra2 42. Ree3 Rbb2 43. Kg2 Kg7 44. Rd3 Rd2 45. Rxd2 Rxd2
46. Rc3 Kf6 47. Kf3 Ke5 48. Ke3 Ra2 49. Rc5+ Kd6 50. Ra5 Bc4 51. f3 f6 52. Kf4
Be6 53. Bf5 Bd5 54. Ra6+ Ke7 55. Ra7+ Kd6 56. Be4 Be6 57. g4 Ra1 58. Ra6+ Ke7
59. Ke3 Bd7 60. Ra7 Kd6 61. Ra6+ Ke7 62. Kd4 Rh1 63. Ra5 Be8 64. Ra7+ Kd6 65.
Ra6+ Ke7 66. a4 h5 67. gxh5 Bxh5 68. a5 Rf1 69. Ke3 Ra1 70. Kf4 Ra3 71. Ra8 Be8
72. a6 Bd7 73. Bb7 Bb5 74. Kf5 Bd7+ 75. Ke4 Bb5 76. Kd4 Kd6 77. a7 Ra4+ 78. Ke3
Kc7 79. Be4 Bd7 80. Rf8 Rxa7 81. Rxf6 Kd8 82. Rh6 Ra5 83. Kf4 Ke7 84. Rh7+ Kd6
85. Rf7 Be6 86. Rb7 Bd5 87. Rb6+ Ke7 88. Bg6 Ra3 89. Bh5 Rb3 90. Rh6 Ra3 91.
Bg4 Rc3 92. Rh5 Bc6 93. Re5+ Kf7 94. Kg5 Rd3 95. Bh5+ Kf8 96. Rf5+ Kg8 97. Rf6
Bd7 98. Kh6 Rc3 99. Bf7+ Kf8 100. Bd5+ Ke7 101. Rf4 Kd6 102. Be4 Ke5 103. Rf8
Be6 104. Bg6 Rc1 105. f4+ Kd6 106. f5 Rh1+ 107. Kg7 Bb3 108. f6 Rg1 109. f7
Bxf7 110. Rxf7 Re1 111. Bf5 Re7 1/2-1/2

[Event "Torneig Internacional Platja de Muro"]
[Site "Platja de Muro ESP"]
[Date "2005.10.12"]
[Round "3.3"]
[White "Rodriguez Guerrero, Enrique"]
[Black "Fernandez Romero, Ernesto"]
[Result "1/2-1/2"]
[WhiteElo "2464"]
[BlackElo "2442"]
[PlyCount "44"]
[EventDate "2005.10.10"]
[EventType "tourn"]
[EventRounds "9"]
[EventCountry "ESP"]
[EventCategory "9"]
[Source "lmi"]
[SourceDate "2005.10.16"]

1. e4 c6 2. d4 d5 3. Nc3 dxe4 4. Nxe4 Bf5 5. Ng3 Bg6 6. h4 h6 7. Nf3 Nd7 8. h5
Bh7 9. Bd3 Bxd3 10. Qxd3 Ngf6 11. Bf4 e6 12. O-O-O Be7 13. Kb1 Qa5 14. Ne5 O-O
15. Nxd7 Nxd7 16. Ne4 Nf6 17. Be5 Ng4 18. Qg3 Nxe5 19. dxe5 Rfd8 20. f4 Rxd1+
21. Rxd1 Rd8 22. Rxd8+ Qxd8 1/2-1/2

[Event "Torneig Internacional Platja de Muro"]
[Site "Platja de Muro ESP"]
[Date "2005.10.12"]
[Round "3.4"]
[White "Ubilava, Elizbar"]
[Black "Perez, Rodney"]
[Result "1/2-1/2"]
[WhiteElo "2525"]
[BlackElo "2450"]
[PlyCount "74"]
[EventDate "2005.10.10"]
[EventType "tourn"]
[EventRounds "9"]
[EventCountry "ESP"]
[EventCategory "9"]
[Source "lmi"]
[SourceDate "2005.10.16"]

1. d4 d5 2. c4 c6 3. Nf3 Nf6 4. e3 a6 5. Nbd2 Bf5 6. Be2 h6 7. O-O e6 8. b3
Nbd7 9. Bb2 Be7 10. Ne5 Nxe5 11. dxe5 Nd7 12. cxd5 cxd5 13. Nf3 O-O 14. Nd4 Bh7
15. f4 Qb6 16. Bd3 Bxd3 17. Qxd3 Rac8 18. Qe2 Rfe8 19. Rf3 Nc5 20. f5 exf5 21.
Nxf5 Ne4 22. Raf1 Bf8 23. Rh3 Re6 24. Qh5 Rc7 25. Nd4 g6 26. Qd1 Rxe5 27. Nb5
Rce7 28. Bxe5 Rxe5 29. Nd4 Bg7 30. Kh1 Qa5 31. Qc2 Re7 32. Rc1 Ng5 33. Qc8+ Kh7
34. Nf5 gxf5 35. Qxf5+ Kg8 36. Qc8+ Kh7 37. Qf5+ Kg8 1/2-1/2

[Event "Torneig Internacional Platja de Muro"]
[Site "Platja de Muro ESP"]
[Date "2005.10.12"]
[Round "3.5"]
[White "Pogorelov, Ruslan"]
[Black "Thiede, Lars"]
[Result "0-1"]
[WhiteElo "2439"]
[BlackElo "2417"]
[PlyCount "60"]
[EventDate "2005.10.10"]
[EventType "tourn"]
[EventRounds "9"]
[EventCountry "ESP"]
[EventCategory "9"]
[Source "lmi"]
[SourceDate "2005.10.16"]

1. Nf3 Nf6 2. c4 g6 3. Nc3 Bg7 4. e4 d6 5. d4 O-O 6. Be2 Na6 7. O-O e5 8. Be3
Ng4 9. Bg5 Qe8 10. c5 h6 11. Bh4 exd4 12. Nd5 g5 13. Bxa6 gxh4 14. Nxc7 Qc6 15.
cxd6 bxa6 16. Rc1 Qxd6 17. Nxa8 h3 18. Re1 d3 19. Qd2 Bb7 20. Nc7 f5 21. e5 Qb6
22. e6 hxg2 23. e7 Bxf3 24. exf8=Q+ Bxf8 25. Ne6 Bd6 26. Rc8+ Kf7 27. Rf8+ Bxf8
28. h3 Bb4 29. Nd8+ Kf8 30. Ne6+ Kg8 0-1

[Event "Torneig Internacional Platja de Muro"]
[Site "Platja de Muro ESP"]
[Date "2005.10.12"]
[Round "4.1"]
[White "Mirzoev, Azer"]
[Black "Thiede, Lars"]
[Result "1-0"]
[WhiteElo "2520"]
[BlackElo "2417"]
[PlyCount "137"]
[EventDate "2005.10.10"]
[EventType "tourn"]
[EventRounds "9"]
[EventCountry "ESP"]
[EventCategory "9"]
[Source "lmi"]
[SourceDate "2005.10.16"]

1. d4 g6 2. e4 Bg7 3. Nf3 d6 4. c3 Nf6 5. Bd3 O-O 6. O-O Nc6 7. Nbd2 e5 8. dxe5
Nxe5 9. Nxe5 dxe5 10. Nc4 Qe7 11. Qc2 Nh5 12. Re1 a5 13. Be3 b6 14. Rad1 h6 15.
f3 Rd8 16. Bf2 Be6 17. Ne3 Nf6 18. Bc4 Rxd1 19. Rxd1 Bxc4 20. Nxc4 b5 21. Ne3
c6 22. c4 b4 23. c5 Bf8 24. Nc4 Qe6 25. Nb6 Ra7 26. b3 Nd7 27. h3 Kh7 28. Kh1
h5 29. Be3 Rb7 30. Qf2 Nxb6 31. cxb6 c5 32. Bxc5 Bxc5 33. Qxc5 Rxb6 34. Qxa5
Ra6 35. Qxb4 Rxa2 36. Qf8 Ra7 37. b4 Qc4 38. b5 Ra2 39. Qe7 Rxg2 40. Kxg2 Qe2+
41. Kg3 Qxd1 42. Qxf7+ Kh6 43. Qf8+ Kh7 44. Qe7+ Kh6 45. Qf8+ Kh7 46. Qc5 Qe1+
47. Qf2 Qb4 48. b6 Kg7 49. Qe3 Kh7 50. h4 Kg7 51. Qf2 Kh7 52. Qe3 Qb2 53. Qc5
Qe2 54. Qc7+ Kg8 55. Qc1 Qb5 56. Qc8+ Kh7 57. Qc7+ Kh6 58. Qd8 Kh7 59. Qe7+ Kh6
60. Qf8+ Kh7 61. Qf7+ Kh8 62. Qxg6 Qf1 63. Qxh5+ Kg8 64. Qg6+ Kh8 65. Qf6+ Kh7
66. Kg4 Qb5 67. Qe7+ Kh6 68. Qe6+ Kh7 69. Kh5 1-0

[Event "Torneig Internacional Platja de Muro"]
[Site "Platja de Muro ESP"]
[Date "2005.10.12"]
[Round "4.2"]
[White "Perez, Rodney"]
[Black "Pogorelov, Ruslan"]
[Result "1-0"]
[WhiteElo "2450"]
[BlackElo "2439"]
[PlyCount "81"]
[EventDate "2005.10.10"]
[EventType "tourn"]
[EventRounds "9"]
[EventCountry "ESP"]
[EventCategory "9"]
[Source "lmi"]
[SourceDate "2005.10.16"]

1. e4 c5 2. Nf3 e6 3. c3 d5 4. exd5 Qxd5 5. d4 Nf6 6. Na3 Qd8 7. Nc2 Nc6 8. Bf4
Be7 9. dxc5 Qxd1+ 10. Rxd1 Bxc5 11. Bb5 Bd7 12. O-O a6 13. Be2 Rc8 14. Rfe1 O-O
15. Ne3 Ne7 16. Ne5 Ba4 17. b3 Bb5 18. c4 Bc6 19. Nxc6 Nxc6 20. Bf3 Rfd8 21.
Nc2 Kf8 22. Kf1 Nb4 23. Nxb4 Bxb4 24. Bxb7 Bxe1 25. Rxe1 Rc5 26. Bxa6 Rf5 27.
Bg3 Ra8 28. Bb7 Rxa2 29. c5 Rc2 30. b4 g5 31. f3 h5 32. Bd6+ Kg7 33. Be5 Kh6
34. Bxf6 Rxf6 35. Be4 Rc4 36. c6 e5 37. b5 Kg7 38. Kg1 Rd6 39. Rb1 f5 40. Bxf5
Rd2 41. b6 1-0

[Event "Torneig Internacional Platja de Muro"]
[Site "Platja de Muro ESP"]
[Date "2005.10.12"]
[Round "4.3"]
[White "Fernandez Romero, Ernesto"]
[Black "Ubilava, Elizbar"]
[Result "1/2-1/2"]
[WhiteElo "2442"]
[BlackElo "2525"]
[PlyCount "44"]
[EventDate "2005.10.10"]
[EventType "tourn"]
[EventRounds "9"]
[EventCountry "ESP"]
[EventCategory "9"]
[Source "lmi"]
[SourceDate "2005.10.16"]

1. e4 c5 2. Nf3 d6 3. d4 cxd4 4. Nxd4 Nf6 5. Nc3 Nc6 6. Bg5 Bd7 7. Qd2 h6 8.
Bxf6 gxf6 9. f4 Rc8 10. Nf5 Bxf5 11. exf5 Qa5 12. Bd3 Bg7 13. O-O O-O 14. Kh1
d5 15. Qf2 e5 16. fxe6 fxe6 17. Rae1 Rce8 18. Qg3 Nb4 19. Bg6 Re7 20. a3 Nc6
21. Qh3 f5 22. Nd1 Rf6 1/2-1/2

[Event "Torneig Internacional Platja de Muro"]
[Site "Platja de Muro ESP"]
[Date "2005.10.12"]
[Round "4.4"]
[White "Mascaro March, Pedro"]
[Black "Rodriguez Guerrero, Enrique"]
[Result "0-1"]
[WhiteElo "2405"]
[BlackElo "2464"]
[PlyCount "54"]
[EventDate "2005.10.10"]
[EventType "tourn"]
[EventRounds "9"]
[EventCountry "ESP"]
[EventCategory "9"]
[Source "lmi"]
[SourceDate "2005.10.16"]

1. d4 d5 2. c4 e6 3. Nc3 c6 4. Nf3 Nf6 5. Bg5 h6 6. Bxf6 Qxf6 7. e3 Nd7 8. Bd3
dxc4 9. Bxc4 g6 10. O-O Qe7 11. e4 Bg7 12. Re1 O-O 13. Qe2 c5 14. Red1 cxd4 15.
Nxd4 Nb6 16. Bb3 Bd7 17. Rd2 a5 18. a3 a4 19. Ba2 Ra5 20. Nd1 Rc8 21. Ne3 Rac5
22. Rdd1 Be8 23. g3 Rd8 24. Nf3 Bb5 25. Qe1 Bxb2 26. Rxd8+ Qxd8 27. Rd1 Qc7 0-1

[Event "Torneig Internacional Platja de Muro"]
[Site "Platja de Muro ESP"]
[Date "2005.10.12"]
[Round "4.5"]
[White "Herraiz Hidalgo, Herminio"]
[Black "Perez Candelario, Manuel"]
[Result "1/2-1/2"]
[WhiteElo "2478"]
[BlackElo "2522"]
[PlyCount "20"]
[EventDate "2005.10.10"]
[EventType "tourn"]
[EventRounds "9"]
[EventCountry "ESP"]
[EventCategory "9"]
[Source "lmi"]
[SourceDate "2005.10.16"]

1. d4 d5 2. c4 c6 3. Nf3 Nf6 4. e3 Bf5 5. Nc3 e6 6. Bd3 Bxd3 7. Qxd3 Nbd7 8.
O-O Bb4 9. b3 a5 10. Bb2 O-O 1/2-1/2

[Event "Torneig Internacional Platja de Muro"]
[Site "Platja de Muro ESP"]
[Date "2005.10.13"]
[Round "5.1"]
[White "Perez Candelario, Manuel"]
[Black "Mirzoev, Azer"]
[Result "1/2-1/2"]
[WhiteElo "2522"]
[BlackElo "2520"]
[PlyCount "47"]
[EventDate "2005.10.10"]
[EventType "tourn"]
[EventRounds "9"]
[EventCountry "ESP"]
[EventCategory "9"]
[Source "lmi"]
[SourceDate "2005.10.16"]

1. e4 e6 2. d4 d5 3. Nd2 c5 4. exd5 Qxd5 5. Ngf3 cxd4 6. Bc4 Qd6 7. O-O Nf6 8.
Nb3 Nc6 9. Nbxd4 Nxd4 10. Nxd4 a6 11. Bb3 Qc7 12. Qf3 Bd6 13. Kh1 O-O 14. Bg5
Be5 15. Rad1 h6 16. Bh4 Bd7 17. Rfe1 Nh7 18. Qe4 Bf6 19. Bg3 Qb6 20. c3 Rfd8
21. Be5 Bxe5 22. Qxe5 Rac8 23. Qe2 Nf8 24. Rd3 1/2-1/2

[Event "Torneig Internacional Platja de Muro"]
[Site "Platja de Muro ESP"]
[Date "2005.10.13"]
[Round "5.2"]
[White "Rodriguez Guerrero, Enrique"]
[Black "Herraiz Hidalgo, Herminio"]
[Result "1/2-1/2"]
[WhiteElo "2464"]
[BlackElo "2478"]
[PlyCount "66"]
[EventDate "2005.10.10"]
[EventType "tourn"]
[EventRounds "9"]
[EventCountry "ESP"]
[EventCategory "9"]
[Source "lmi"]
[SourceDate "2005.10.16"]

1. e4 e6 2. d4 d5 3. Nc3 Nf6 4. e5 Nfd7 5. f4 c5 6. Nf3 Nc6 7. Be3 a6 8. Qd2 b5
9. a3 Qa5 10. Be2 b4 11. Nd1 Rb8 12. c3 bxc3 13. Nxc3 cxd4 14. Nxd4 Nxd4 15.
Bxd4 Bc5 16. Bxc5 Qxc5 17. b4 Qa7 18. Bd3 g5 19. g3 Bb7 20. Rc1 Rc8 21. Ne2
Rxc1+ 22. Nxc1 Bc6 23. Qf2 Qxf2+ 24. Kxf2 Bb5 25. Bxb5 axb5 26. Ne2 gxf4 27.
gxf4 f6 28. exf6 Rf8 29. Nd4 Rxf6 30. Ke3 Nb6 31. Nxb5 Nc4+ 32. Kd4 Kd7 33. Kc5
Nd2 1/2-1/2

[Event "Torneig Internacional Platja de Muro"]
[Site "Platja de Muro ESP"]
[Date "2005.10.13"]
[Round "5.3"]
[White "Ubilava, Elizbar"]
[Black "Mascaro March, Pedro"]
[Result "1-0"]
[WhiteElo "2525"]
[BlackElo "2405"]
[PlyCount "51"]
[EventDate "2005.10.10"]
[EventType "tourn"]
[EventRounds "9"]
[EventCountry "ESP"]
[EventCategory "9"]
[Source "lmi"]
[SourceDate "2005.10.16"]

1. c4 Nf6 2. Nc3 e6 3. e4 d5 4. e5 d4 5. exf6 dxc3 6. bxc3 Qxf6 7. d4 e5 8. Nf3
exd4 9. Qxd4 Be7 10. Be3 Nc6 11. Qxf6 Bxf6 12. Nd4 O-O 13. O-O-O a6 14. Nxc6
bxc6 15. Kc2 Be6 16. Bd4 Rab8 17. Bd3 Rfd8 18. f4 a5 19. Rb1 Be7 20. Rxb8 Rxb8
21. f5 Bd7 22. c5 Bf6 23. Rb1 Rxb1 24. Kxb1 h5 25. Bxf6 gxf6 26. h4 1-0